export_success — 

Clas Livijns publicistiska verksamhet; ett bidrag till svensk tidningshistoria,

Saved in:
Bibliographic Details
Main Author: Mortensen, Johan Martin, 1864-1940.
Format: Book
Language:Swedish
Published: Upsala, Akademiska boktryckeriet, E. Berling, 1913.
Series:Uppsala universitets årsskrift ; Filosofi, språkvetenskap och historiska vetenskaper ; 1914..
Uppsala universitets årsskrift ; 1914.
Subjects:
Tags: Add Tag
No Tags, Be the first to tag this record!
LEADER 00943nam a2200241M 4500
001 006118945-6
005 20020606163548.3
008 891222s1913 sw 000 0 swe
010 |a ac 39002892  
035 0 |a ocm23543320 
035 0 |a ocm23543320  |z ocm19871371 
040 |a DLC  |c EYM  |d HLS 
050 4 |a AS 284  |b .U69 1914 
100 1 |a Mortensen, Johan Martin,  |d 1864-1940. 
245 1 0 |a Clas Livijns publicistiska verksamhet;  |b ett bidrag till svensk tidningshistoria,  |c af Johan Mortensen. 
260 |a Upsala,  |b Akademiska boktryckeriet, E. Berling,  |c 1913. 
300 |a 1 p. l., 51 p.  |c 24cm. 
490 1 |a Uppsala universitets årsskrift ; Filosofi, språkvetenskap och historiska vetenskaper ;  |v 1914. 
600 1 0 |a Livijn, Clas,  |d 1781-1844. 
830 0 |a Uppsala universitets årsskrift ;  |p Filosofi, språkvetenskap och historiska vetenskaper ;  |v 1914.. 
830 0 |a Uppsala universitets årsskrift ;  |v 1914. 
988 |a 20020608 
906 |0 DLC